000 00451nam a2200181Ia 4500
001 21506
005 20260306172924.0
008 260306t2012||||xx |||||||||||||| ||spa||
041 _aESP
082 _a345.112
_bC89
100 _aMartínez Menéndez, Ramiro
_eAUT
245 0 _aCriminalística actual:
_bley, ciencia y arte
260 _c2012
300 _a772 páginas :
_c27 cm.
650 _aGEN
654 _aCDE
942 _cLIB
_dJUS
_fJUS
_2ddc
_n
999 _c21506
_d21506